Kitāb al-taʻrīfāt /

محفوظ في:

المؤلف الرئيسي: Jurjānī, ʻAlī ibn Muḥammad, al-Sayyid al-Sharīf, 1340-1413.

التنسيق: كتاب

اللغة: Arabic

منشور في: Bayrūt, Lubnān : Dar al-Fikr lil-Ṭibā'ah wa-al-Nashr wa-al-Tawzī', 2005.

الطبعة: al-Ṭabʻah 1.

الموضوعات:

الوسوم: إضافة وسم

لا توجد وسوم, كن أول من يضع وسما على هذه التسجيلة!

رقم الطلب: BP189 .J87 2005

LEADER 00771nam a2200205Ia 4500
003 OSt
005 20241111133435.0
008 231106s2005 le b 000 0 ara d
999 |c 54982  |d 54982 
040 |c ARCE Library 
050 4 |a BP189 .J87 2005 
100 1 |a Jurjānī, ʻAlī ibn Muḥammad, al-Sayyid al-Sharīf,   |d 1340-1413. 
245 1 0 |a Kitāb al-taʻrīfāt /   |c lil-ʹAllāmah ʻAlī ibn Muḥammad al-Sharif al-Jurjānī al-Ḥusaynī al-Ḥanafī. 
250 |a al-Ṭabʻah 1. 
264 1 |a Bayrūt, Lubnān :   |b Dar al-Fikr lil-Ṭibā'ah wa-al-Nashr wa-al-Tawzī',   |c 2005. 
300 |a 180 p. ;   |c 25 cm. 
504 |a Includes bibliographical references. 
650 0 |a Sufism -- Dictionaries -- Arabic -- Early works to 1800. 
901 |a reviewed 
942 |2 lcc  |c BK